000
00309nam a22001217a 4500
008
160503b xxu||||| |||| 00| 0 eng d
020
_a
9780781723930
020
_a
0781723930
041
_a
eng
080
_a
61
245
_a
Mayo internal medicine board review:
_c
Udaya B. S. Prakash; M. D. ;
942
_2
udc
_c
BK
999
_c
1747
_d
1747